[Event "XXVIII Open"]
[Site "San Sebastian ESP"]
[Date "2005.03.20"]
[Round "2"]
[White "Alcaide Luque,A"]
[Black "Guerra Bastida,D"]
[Result "1/2-1/2"]
[WhiteElo "2058"]
[BlackElo "2390"]

1.d4 Nf6 2.Bg5 Ne4 3.Bf4 c5 4.f3 Qa5+ 5.c3 Nf6 6.d5 Qb6 7.b3 d6 8.e4 g6 9.Bc4 Bg7
10.Ne2 O-O 11.O-O Nbd7 12.a4 Ne5 13.Na3 Nh5 14.Bg5 Qc7 15.Qd2 b6 16.Rac1 Nxc4
17.Nxc4 Ba6 18.Na3 Bxe2 19.Qxe2 a6 20.Qd2 Rab8 21.g4 Nf6 22.c4 e6 23.Bh6 Bxh6
24.Qxh6 exd5 25.Qf4 Nd7 26.cxd5 b5 27.Rc2 Ne5 28.h4 c4 29.Qe3 Rfc8 30.axb5 axb5
31.bxc4 b4 32.Nb1 b3 33.Rc3 Nxc4 34.Qd4 Qc5 35.Qxc5 Rxc5 36.Rfc1 b2 37.R1c2 Rb4
38.Kf2 Ra4 39.Rb3 Ra1 40.Rbxb2 Nxb2 41.Rxb2 Kg7 42.Kg3 h6 43.Kf4 Rc1 44.Nd2 Rc3
45.Rb3 Rc2 46.Rd3 Re1 47.Nb3 Rh2 48.Nd4 Rxh4 49.Nb5 Kf6 50.Nxd6 g5+ 51.Kg3 Rhh1
52.Nf5  1/2-1/2

[Event "Open"]
[Site "Coventry ENG"]
[Date "2005.03.26"]
[Round "5"]
[White "Walton,A"]
[Black "Giles,B"]
[Result "1-0"]
[WhiteElo "2181"]
[BlackElo "2074"]

1.d4 Nf6 2.Bg5 Ne4 3.Bf4 d5 4.f3 Nf6 5.e4 dxe4 6.Nc3 Bf5 7.fxe4 Nxe4 8.Qf3 Nxc3
9.bxc3 Qc8 10.Kd2 c6 11.Bc4 e6 12.Re1 Be7 13.g4 Bg6 14.Be5 O-O 15.h4 h6 16.h5 Bh7
17.Nh3 Nd7 18.Bf4 Nb6 19.Bd3 Bxd3 20.cxd3 Qd8 21.Rhg1 Qd5 22.Qxd5 Nxd5 23.Be5 Rad8
24.Re2 Bd6 25.g5 hxg5 26.Bxd6 Rxd6 27.Nxg5 c5 28.dxc5 Ra6 29.Ra1 Ra3 30.Ne4 Rc8
31.d4 Rc6 32.c4 Nf4 33.Re3 Rxe3 34.Kxe3 Nxh5 35.Rb1 b6 36.d5 Rc8 37.c6 Nf6
38.Nxf6+ gxf6 39.Rd1 Kf8 40.d6  1-0

[Event "Technomont Cup"]
[Site "Frydek Mistek CZE"]
[Date "2005.03.27"]
[Round "7"]
[White "Karhanek,P"]
[Black "Vesselovsky,S"]
[Result "0-1"]
[WhiteElo "2216"]
[BlackElo "2400"]

1.d4 Nf6 2.Bg5 Ne4 3.Bf4 c5 4.f3 Qa5+ 5.c3 Nf6 6.Nd2 cxd4 7.Nb3 Qb6 8.Qxd4 Nc6
9.Qxb6 axb6 10.Nd4 e5 11.Nxc6 dxc6 12.Bxe5 Be6 13.a3 O-O-O 14.e4 Nd7 15.Bf4 Nc5
16.Rd1 Be7 17.Rxd8+ Rxd8 18.Be2 f5 19.Nh3 fxe4 20.fxe4 Nxe4 21.Nf2 Nxf2 22.Kxf2 Rf8
23.Kg3 g5 24.Be5 Rf5  0-1

[Event "ch-EU"]
[Site "Cork IRL"]
[Date "2005.03.29"]
[Round "8"]
[White "Schulz,M1"]
[Black "Gandolfi,G"]
[Result "1-0"]
[WhiteElo "2238"]
[BlackElo "1967"]

1.d4 Nf6 2.Bg5 Ne4 3.Bf4 c5 4.d5 Qb6 5.Bc1 d6 6.f3 Nf6 7.e4 g6 8.Nc3 Bd7
9.a4 Bg7 10.Bc4 O-O 11.Nge2 Na6 12.O-O Rfc8 13.h3 Qd8 14.f4 Nc7 15.e5 Nfe8
16.Ne4 b6 17.Ng5 h6 18.e6 fxe6 19.dxe6 hxg5 20.exd7+  1-0

[Event "ch-EU"]
[Site "Cork IRL"]
[Date "2005.03.29"]
[Round "8"]
[White "Medvegy,Z"]
[Black "Paramos Dominguez,R"]
[Result "0-1"]
[WhiteElo "2467"]
[BlackElo "2391"]

1.d4 Nf6 2.Bg5 Ne4 3.Bf4 c5 4.d5 Qb6 5.Nd2 Nxd2 6.Bxd2 Qxb2 7.e4 g6 8.Rb1 Qe5
9.Bd3 c4 10.Nf3 Qc7 11.Be2 Bg7 12.Be3 Qa5+ 13.Kf1 Qxa2 14.Nd2 b5 15.Rxb5 Ba6
16.Qb1 Qxb1+ 17.Rxb1 O-O 18.Bxc4 Rc8 19.Bxa6 Nxa6 20.Ke2 Rxc2 21.Rhc1 Rxc1
22.Rxc1 Nb4 23.Rc7 a5 24.Nc4 f5 25.Nb6 Ra6 26.Nxd7 fxe4 27.Nc5 Ra8 28.Rxe7 Nxd5
29.Re6 a4 30.Bc1 a3 31.Nb3 a2 32.Ra6 Rb8  0-1

[Event "Bundesliga 2005-6"]
[Site "Kreuzberg GER"]
[Date "2005.04.02"]
[Round "15"]
[White "Socko,B"]
[Black "Vogt,L"]
[Result "1-0"]
[WhiteElo "2610"]
[BlackElo "2475"]

1.d4 Nf6 2.Bg5 Ne4 3.Bf4 d5 4.e3 e6 5.Bd3 Nf6 6.c4 dxc4 7.Bxc4 Bd6 8.Ne2 O-O
9.Nbc3 Nc6 10.Bg5 Be7 11.a3 Nd5 12.Bxe7 Ncxe7 13.Rc1 b6 14.Nxd5 Nxd5 15.e4 Ne7
16.O-O Bb7 17.Qd3 c5 18.dxc5 bxc5 19.Nc3 Qxd3 20.Bxd3 Rfd8 21.Rfd1 Bc6 22.f3 Kf8
23.Ba6 Rxd1+ 24.Rxd1 Ng6 25.Kf2 Rb8 26.Rd2 Ke7 27.Ke3 Ne5 28.Be2 g5 29.g3 h6
30.Rc2 Nd7 31.Bf1 Kd6 32.Rg2 Nb6 33.f4 gxf4+ 34.gxf4 Na4 35.Nxa4 Bxa4 36.Bc4 Bb5
37.e5+ Ke7 38.Bxb5 Rxb5 39.Kd3 Rb3+ 40.Kc4 Rf3 41.Kxc5 Rxf4 42.b4 Re4 43.Kc6 Rxe5
44.a4 Re4 45.Rb2 f5 46.a5 f4 47.b5 f3 48.Rf2 Re3 49.Kb7 Rb3 50.b6 axb6 51.a6 Rd3
52.a7 Rd7+ 53.Ka6 Rd8 54.Rxf3 b5 55.Rb3  1-0

[Event "3rd ch-GER Internet Blitz Candidates"]
[Site "playchess INT"]
[Date "2005.04.02"]
[Round "2"]
[White "Polaczek,R"]
[Black "Heimann,A"]
[Result "1-0"]
[WhiteElo "2426"]
[BlackElo "2095"]

1.d4 Nf6 2.Bg5 Ne4 3.Bf4 c5 4.f3 Qa5+ 5.c3 Nf6 6.Nd2 cxd4 7.Nb3 Qb6 8.Qxd4 Nc6
9.Qxb6 axb6 10.Nd4 e5 11.Nxc6 exf4 12.Nd4 d5 13.e3 fxe3 14.Ke2 Bc5 15.Kxe3 O-O
16.Bd3 Bd7 17.Ne2 b5 18.a3 Ne8 19.Kd2 Nd6 20.Nf4 Nc4+ 21.Bxc4 dxc4 22.Rhe1 Rad8
23.Rad1 Bxd4 24.cxd4 g5 25.Nh5 Bf5 26.Kc3 Bg6 27.Nf6+ Kg7 28.Ne4 Rfe8 29.Nc5 b6
30.Na6 h6 31.Nc7 Rxe1 32.Rxe1 f5 33.Ne6+  1-0

[Event "3rd ch-GER Internet Blitz Candidates"]
[Site "playchess INT"]
[Date "2005.04.02"]
[Round "2"]
[White "Heyken,E"]
[Black "Womacka,M"]
[Result "1-0"]
[WhiteElo "2331"]
[BlackElo "2436"]

1.d4 Nf6 2.Bg5 Ne4 3.Bf4 c5 4.f3 Qa5+ 5.c3 Nf6 6.Nd2 cxd4 7.Nb3 Qf5 8.Bxb8 Rxb8
9.Qxd4 b6 10.e4 Qf4 11.Nh3 Qc7 12.e5 Ng8 13.Nf2 f5 14.exf6 Nxf6 15.Ne4 Nxe4
16.Qxe4 e6 17.Bd3 Bb7 18.Qh4 Qe5+ 19.Kf2 Be7 20.Qh3 Bc5+ 21.Nxc5 Qxc5+ 22.Ke2 Qe5+
23.Kd2 Kd8 24.Kc2 Kc7 25.Rad1 Rbd8 26.Rhe1 Qf6 27.Qg3+ d6 28.Be4 Bxe4+ 29.Rxe4 Rhe8
30.Rc4+ Kb7 31.Rxd6 Rxd6 32.Qxd6 Qf5+ 33.Kc1 Qd5 34.Rc7+ Kb8 35.Qxd5 exd5
36.Rxg7 h5 37.Kd2 h4 38.Rg5 Rd8 39.Kd3 Kc7 40.Kd4 Kc6 41.Rg6+ Kb5 42.Rg4 Re8
43.Rxh4 Re2 44.Rg4 Rxb2 45.h4 Rxa2 46.h5 Ra1 47.Rh4 Rd1+ 48.Ke5 Re1+ 49.Kf6 a5
50.h6 a4 51.h7 Re8 52.h8=Q Rxh8 53.Rxh8  1-0

[Event "3rd ch-GER Internet Blitz Candidates"]
[Site "playchess INT"]
[Date "2005.04.02"]
[Round "2"]
[White "Gramlich,S"]
[Black "Junge,Ka"]
[Result "1-0"]
[WhiteElo "2064"]
[BlackElo "2256"]

1.d4 Nf6 2.Bg5 Ne4 3.Bf4 c5 4.f3 Nf6 5.c3 Qb6 6.Qd2 cxd4 7.cxd4 d5 8.Nc3 Nc6
9.e3 Bf5 10.Nge2 Bg6 11.Rc1 e6 12.h4 h5 13.Bg5 Be7 14.Nf4 Nh7 15.Nxg6 fxg6
16.Bd3 Nf8 17.Bxe7 Nxe7 18.Nb5 Kf7 19.O-O a6 20.Nc3 Nd7 21.Na4 Qd6 22.e4 Rac8
23.e5 Qb8 24.Qf4+ Ke8 25.Rxc8+ Qxc8 26.Rc1 Qb8 27.Qg5 Kf7 28.b4 Rc8 29.Nc5 Nxc5
30.bxc5 Qc7 31.g4 hxg4 32.fxg4 Rh8 33.Rf1+ Kg8 34.Bxg6 Nxg6 35.Qxg6 Qe7 36.h5 Rh6
37.Qd3 Qg5 38.Qf3 Qd2 39.Qf7+ Kh7 40.Qf2 Qg5 41.Qf4 Rxh5 42.Qxg5 Rxg5 43.Rf4 Rg6
44.Kg2 Kg8 45.Kg3 Rh6 46.Rf1 g6 47.Rb1 Rh7 48.Rb6 Re7 49.c6 bxc6 50.Rxc6 a5
51.Ra6 Rc7 52.Rxe6 Rc4 53.Rxg6+ Kf7 54.Rf6+ Ke7 55.Rf4 a4 56.g5 a3 57.g6 Rc3+
58.Kh4 Rc1 59.g7 Rh1+ 60.Kg5 Rg1+ 61.Rg4 Rxg4+ 62.Kxg4 Kf7 63.Kf5 Kxg7 64.e6 Kf8
65.Ke5 Ke7 66.Kxd5 Ke8 67.Ke5 Kd8 68.d5 Ke7 69.Kd4 Kd6 70.Kc4 Ke7 71.Kb3 Kd6
72.Kxa3 Kxd5 73.e7 Kc6 74.e8=Q+  1-0

[Event "3rd ch-GER Internet Blitz Candidates"]
[Site "playchess INT"]
[Date "2005.04.02"]
[Round "3"]
[White "Koepke,C"]
[Black "Junge,Ka"]
[Result "1-0"]
[WhiteElo "2226"]
[BlackElo "2256"]

1.d4 Nf6 2.Bg5 Ne4 3.Bf4 c5 4.f3 Nf6 5.dxc5 Qa5+ 6.Qd2 Qxc5 7.Nc3 Nc6 8.O-O-O d5
9.e4 d4 10.Nb5 e5 11.Nc7+ Ke7 12.Bg5 Rb8 13.Nd5+ Ke6 14.Bxf6 gxf6 15.g3 a5
16.f4 Kd6 17.Nxf6 Bg7 18.Nd5 Be6 19.Bg2 Bxd5 20.exd5 Nb4 21.fxe5+ Bxe5 22.Nf3 Nxa2+
23.Kb1 Nc3+ 24.Kc1 Rhe8 25.Nxe5 Rxe5 26.Qh6+ Kc7 27.d6+ Kb6 28.Rd3 Ka7 29.bxc3 dxc3
30.Kd1 Qa3 31.Qc1 Qc5 32.Qf4 Rd8 33.Qd4 Qxd4 34.Rxd4 Kb6 35.Rd3 Rc5 36.Ke2 Kb5
37.Kf2 Kb4 38.Rc1 b5 39.Rb1+ Kc4 40.Rbd1 b4 41.Rd4+ Kb5 42.Rd5 Kb6 43.Rxc5 Kxc5
44.d7  1-0

[Event "3rd ch-GER Internet Blitz Candidates"]
[Site "playchess INT"]
[Date "2005.04.02"]
[Round "10"]
[White "Polaczek,R"]
[Black "Gaede,D"]
[Result "1/2-1/2"]
[WhiteElo "2426"]
[BlackElo "2194"]

1.d4 Nf6 2.Bg5 Ne4 3.Bf4 d5 4.e3 g6 5.Bd3 Bg7 6.Bxe4 dxe4 7.Nd2 c5 8.c3 f5
9.f3 exf3 10.Ngxf3 Nc6 11.Qb3 Qb6 12.Qxb6 axb6 13.d5 Nd8 14.O-O Nf7 15.e4 e5
16.dxe6 Bxe6 17.exf5 Bxf5 18.Nc4 O-O 19.Nxb6 Rad8 20.Rad1 Bc2 21.Rxd8 Rxd8
22.Re1 Bf6 23.Bc7 Rd3 24.Re2 Rd1+ 25.Re1 Rd3 26.Rc1 Bd1 27.Ne1 Rd2 28.Bf4 Rd8
29.Bc7 Rd2 30.Bf4 Rd8 31.Bc7 Rd2  1/2-1/2

[Event "3rd ch-GER Internet Blitz Candidates"]
[Site "playchess INT"]
[Date "2005.04.02"]
[Round "13"]
[White "Heyken,E"]
[Black "Gaede,D"]
[Result "1/2-1/2"]
[WhiteElo "2331"]
[BlackElo "2194"]

1.d4 Nf6 2.Bg5 Ne4 3.Bf4 d5 4.f3 Nf6 5.e4 dxe4 6.Nc3 g6 7.fxe4 Bg7 8.Nf3 Bg4
9.h3 Bxf3 10.Qxf3 Qxd4 11.Nb5 Qxb2 12.Nxc7+ Kf8 13.Rd1 Nc6 14.Nxa8 Nd4 15.Rxd4 Qxd4
16.Bd3 Nh5 17.Bh2 Bh6 18.g4 Nf6 19.Rf1 Kg7 20.e5 Bg5 21.exf6+ exf6 22.Nc7 Rd8
23.Bg3 Rd7 24.Ne6+ fxe6 25.h4 Be3 26.g5 f5 27.Ke2 Bg1 28.Qf4 Qxf4 29.Bxf4 Bd4
30.Kd2 e5 31.Be3 e4 32.Bxd4+ Rxd4 33.Ke3 Ra4 34.Be2 Ra3+ 35.Kf4 Rxa2 36.Rb1 b6
37.Rb4 Rxc2 38.Bb5 Rf2+ 39.Ke5 Rc2 40.Rd4 Rc5+ 41.Ke6 Rxb5 42.Rd7+ Kf8 43.Rd8+ Kg7
44.Rd7+ Kg8 45.Rd8+ Kg7 46.Rd7+  1/2-1/2

[Event "3rd ch-GER Internet Blitz Candidates"]
[Site "playchess INT"]
[Date "2005.04.02"]
[Round "14"]
[White "Koepke,C"]
[Black "Zwahr,P"]
[Result "1-0"]
[WhiteElo "2226"]
[BlackElo "2104"]

1.d4 Nf6 2.Bg5 Ne4 3.Bf4 d5 4.e3 Bf5 5.Bd3 e6 6.Ne2 Bd6 7.O-O O-O 8.f3 Bxf4
9.Nxf4 Nd6 10.Bxf5 Nxf5 11.Qd3 Na6 12.c3 c5 13.Nd2 Rc8 14.e4 Ne7 15.Rac1 Qb6
16.b3 cxd4 17.cxd4 Nb4 18.Qe3 Nc2 19.Qf2 Nxd4 20.exd5 e5 21.Nc4 Qc5 22.b4 Qxb4
23.Nxe5 Qd6 24.Qxd4 Nf5 25.Qe4 Ne7 26.Kh1 Qh6 27.Nd7 Rxc1 28.Rxc1 Ng6 29.Nxf8 Nxf4
30.Rc8 f6 31.Ng6+ Kf7 32.Qe8+  1-0

[Event "3rd ch-GER Internet Blitz Candidates"]
[Site "playchess INT"]
[Date "2005.04.02"]
[Round "15"]
[White "Heyken,E"]
[Black "Heimann,A"]
[Result "1-0"]
[WhiteElo "2331"]
[BlackElo "2095"]

1.d4 Nf6 2.Bg5 Ne4 3.Bf4 d5 4.f3 Nf6 5.e4 dxe4 6.Nc3 exf3 7.Nxf3 g6 8.Qd2 Bg7
9.O-O-O O-O 10.Bh6 c6 11.Bxg7 Kxg7 12.Ne5 Be6 13.h4 h5 14.Be2 Nbd7 15.Qg5 Qa5
16.Nxf7 Qxg5+ 17.Nxg5 Bf5 18.Bd3 Ng4 19.Rhe1 e5 20.dxe5 Ndxe5 21.Bxf5 Rxf5
22.Rd6 Rf6 23.Rxf6 Kxf6 24.Rf1+ Kg7 25.Nce4 Re8 26.Nd6 Re7 27.Nc8 Rd7 28.Ne6+ Kh6
29.Rf8 Rf7 30.Rh8+ Rh7 31.Rxh7+ Kxh7 32.Nxa7 Ne3 33.g3 Nf5 34.Ng5+ Kh6 35.Ne4 Nc4
36.Nc8 Nce3 37.Ncd6 Nxd6 38.Nxd6 b6 39.a4 Nf1 40.Ne4 Kg7 41.b4 Kf7 42.a5 bxa5
43.bxa5 Ne3 44.a6 Nd5 45.a7 Nb6 46.Nd6+ Ke6 47.Nc4 Na8 48.Kd2 Kd7 49.Kd3 Kc7
50.Ke4 Kb7 51.Kf4 Kxa7 52.Kg5 Ka6 53.Kxg6 Kb5 54.Ne5 Kb6 55.Kxh5 c5 56.Kg6 Nc7
57.h5 Nd5 58.h6 Ne7+ 59.Kf7 Nf5 60.h7 Nxg3 61.h8=Q Ne4 62.Qh6+ Kb5 63.Nd3 Kc4
64.Ke7 Nd6 65.Qh8  1-0

[Event "Belgrade Cup"]
[Site "Belgrade SCG"]
[Date "2005.04.05"]
[Round "1"]
[White "Zmijanac,D"]
[Black "Antanaskovic,P"]
[Result "1/2-1/2"]
[WhiteElo "2265"]
[BlackElo "2190"]

1.d4 Nf6 2.Bg5 Ne4 3.Bf4 d5 4.e3 c5 5.Nd2 Nxd2 6.Qxd2 cxd4 7.exd4 Nc6 8.c3 Bg4
9.Bd3 e6 10.Ne2 Bh5 11.O-O Bg6 12.Rfe1 Bxd3 13.Qxd3 Be7 14.Qg3 O-O 15.Rad1 b5
16.a3 a5 17.b4 axb4 18.axb4 Ra3 19.Rd3 Bh4 20.Qh3 Bg5 21.Re3 Bh4 22.Rf3 Re8
23.g3 Bf6 24.Qg4 e5 25.dxe5 Bxe5 26.Rd1 Bf6 27.Rfd3 d4 28.Qf3 Qa8 29.Nxd4 Nxd4
30.Qxa8 Ne2+ 31.Kf1 Raxa8 32.Bd2 Rac8 33.Re1 Nxc3 34.Rxe8+ Rxe8 35.Bxc3 Rd8
36.Re3 Kf8 37.Bxf6 gxf6 38.Re4 Rd2 39.Ke1 Rb2 40.Rf4 Kg7 41.Kd1 Kg6 42.h4 h5
43.Ke1 f5 44.Kf1 Kf6 45.Kg2 Rb3 46.Kf1 Ke5 47.Ke2 Rc3 48.Kd2 Rc6 49.Kd3 Rd6+
50.Kc3 Rd1 51.Rf3 Rb1 52.Rd3 f4 53.gxf4+ Kxf4  1/2-1/2

[Event "CES"]
[Site "Northeim GER"]
[Date "2005.04.16"]
[Round "5"]
[White "Erdogan,U"]
[Black "Meijers,V"]
[Result "0-1"]
[WhiteElo "2242"]
[BlackElo "2486"]

1.d4 Nf6 2.Bg5 Ne4 3.Bf4 d5 4.Nd2 e6 5.Nxe4 dxe4 6.e3 Be7 7.Bc4 O-O 8.Ne2 b6
9.O-O Bb7 10.Bg3 Bd6 11.Nf4 Nd7 12.Qg4 Nf6 13.Qe2 a6 14.Rfd1 h6 15.Bb3 Qe7
16.c4 Rfd8 17.a3 Kh7 18.Bc2 e5 19.Nh5 Nxh5 20.Qxh5 g6 21.Qe2 f5 22.dxe5 Bxe5
23.Bxe5 Qxe5 24.Rxd8 Rxd8 25.Rd1 Rxd1+ 26.Bxd1 Qd6 27.g3 a5 28.Ba4 Ba6 29.Bb5 Bc8
30.Qc2 Be6 31.Qc3 Qd1+ 32.Kg2 Qf3+ 33.Kg1 Qd1+ 34.Kg2 Qd6 35.Qf6 c6 36.c5 Qd7
37.Bxc6 Qxc6 38.Qe7+ Kg8 39.Qd8+ Kf7 40.cxb6 a4 41.h4 h5 42.Qb8 Bc8 43.Kg1 Ke6
44.Qa7 Bb7 45.Kg2 Kd6 46.Qa5 Qc4 47.Qd2+ Kc6 48.Qd8 Kb5 49.Qd6 Qc6 50.Qb4+ Ka6
51.b3 Qb5  0-1

[Event "German Cup"]
[Site "Baden Baden GER"]
[Date "2005.04.17"]
[Round "2"]
[White "Schneider,Il"]
[Black "Polzin,R"]
[Result "0-1"]
[WhiteElo "2372"]
[BlackElo "2520"]

1.d4 Nf6 2.Bg5 Ne4 3.Bf4 c5 4.f3 Qa5+ 5.c3 Nf6 6.Nd2 cxd4 7.Nb3 Qb6 8.Qxd4 Nc6
9.Qxb6 axb6 10.Nd4 e5 11.Nxc6 exf4 12.Nd4 Bc5 13.Nh3 Nd5 14.e4 fxe3 15.Bc4 Nf6
16.O-O-O d5 17.Bb5+ Kf8 18.a3 Bxh3 19.gxh3 Rd8 20.Rd3 Rd6 21.Rxe3 Bxd4 22.cxd4 Re6
23.Rc3 g6 24.Kd2 Nh5 25.Re1 Rxe1 26.Kxe1 Nf4 27.Rc8+ Kg7 28.Rc7 Ne6 29.Rxb7 Nxd4
30.a4 Rc8 31.Kd1 Rc2 32.Be8 Rxb2 33.Bxf7 Rb4 34.f4 Kh8 35.Ra7 Nf5 36.Bxd5 Rd4+  0-1

[Event "Spring Inv"]
[Site "Chicago USA"]
[Date "2005.04.19"]
[Round "8"]
[White "Georgiev,Vl"]
[Black "Goletiani,R"]
[Result "1-0"]
[WhiteElo "2535"]
[BlackElo "2332"]

1.d4 Nf6 2.Bg5 Ne4 3.Bf4 d5 4.e3 g6 5.c4 Bg7 6.Qb3 c5 7.cxd5 cxd4 8.exd4 O-O
9.Nf3 Qa5+ 10.Nc3 Na6 11.Qb5 Qxb5 12.Bxb5 Bf5 13.Bxa6 bxa6 14.O-O Rfc8 15.Rfc1 Nd6
16.Ne5 h5 17.h3 Nc4 18.Nc6 Kf8 19.Na4 Nb6 20.Nxb6 axb6 21.Re1 Bf6 22.Rac1 Bd7
23.Bh6+ Ke8 24.Nxe7 Bxe7 25.d6 Be6 26.d5 Rxc1 27.Bxc1 Bxd6 28.dxe6 Rc8 29.Bg5 Rc2
30.Rd1 Rc6 31.exf7+ Kxf7 32.g3 b5 33.Kg2 Ke6 34.Rd2 a5 35.Be3 Be5 36.f4 Bf6
37.Kf3 b4 38.b3 Rc3 39.Ke4 a4 40.bxa4 Ra3 41.g4 hxg4 42.hxg4 Rxa4 43.f5+ gxf5+
44.gxf5+ Kf7 45.Rd7+ Ke8 46.Ra7 Rxa7 47.Bxa7 Kf7 48.Bc5 Bc3 49.Bf2 Kf6 50.Bh4+ Kf7
51.Bg5 Be1 52.Bd8 Bg3 53.Bb6 Bh4 54.Bc5 Be1 55.Bd4 Bd2 56.Bf2 Bc3 57.Bh4 Bd2
58.Kd3 Bf4 59.Be1 Bd6 60.Ke4 Bf8 61.Ke5 Bg7+ 62.Ke4 Bf8 63.Bd2 Kf6 64.Bf4 Kf7
65.Bg5 Bg7 66.Bd2 Bf8 67.Bg5 Bg7 68.Kd3 Bf8 69.Kc4 Bd6 70.Bh4 Bf8 71.Bg5 Bd6
72.Kd5 Bf8 73.Ke5 Bc5 74.Bd2 Be7 75.Ke4 Kf6 76.Be3 Kf7 77.Bb6 Kf6 78.Bc7 Kf7
79.Bg3 Bf8 80.Bh4 Be7 81.Bf2 Bf8 82.Ke5 Bg7+ 83.Kd5 Bc3 84.Bc5 Kf6 85.Ke4 Kf7
86.Bb6 Be1 87.Bd4 Bh4 88.Kd3 Bg3 89.Kc4 Be1 90.Bc5 b3 91.Kxb3 Kf6 92.Bb4 Bf2
93.Kc4 Kxf5 94.Kd5 Kf6 95.Kc6 Kf7 96.a4 Ke8 97.a5 Kd8 98.Kb7 Kd7 99.a6 Kd8
100.Ba5+ Kd7 101.Bb6 Bxb6 102.Kxb6 Kc8 103.a7  1-0

[Event "Torch Real Estate Cup"]
[Site "Jinan CHN"]
[Date "2005.04.24"]
[Round "5"]
[White "Zhang Zhong"]
[Black "Wang Yaoyao"]
[Result "1-0"]
[WhiteElo "2599"]
[BlackElo "2456"]

1.d4 Nf6 2.Bg5 Ne4 3.Bf4 c5 4.f3 Nf6 5.dxc5 Qa5+ 6.Nc3 Qxc5 7.e4 d6 8.Qd2 a6
9.O-O-O e5 10.Be3 Qc7 11.g4 Be6 12.g5 Nfd7 13.Nd5 Bxd5 14.Qxd5 Be7 15.Ne2 Nc6
16.Nc3 Nd4 17.Bxd4 Bxg5+ 18.Kb1 Nf6 19.Qb3 exd4 20.Qa4+ Kf8 21.Qxd4 Bf4 22.Ne2 Be5
23.Qe3 Nd7 24.f4 Bf6 25.Qd2 Nc5 26.Bg2 Rd8 27.Nc3 Qb6 28.Qe3 g6 29.e5 Bg7
30.Rhe1 g5 31.exd6 gxf4 32.Qe7+ Kg8 33.Bd5 Rf8 34.Qxf7+  1-0

[Event "Masters Open"]
[Site "Cutro ITA"]
[Date "2005.04.26"]
[Round "4"]
[White "Miladinovic,I"]
[Black "Roeder,M"]
[Result "1-0"]
[WhiteElo "2604"]
[BlackElo "2404"]

1.d4 Nf6 2.Bg5 Ne4 3.h4 c5 4.dxc5 Na6 5.Qd4 Naxc5 6.Nc3 Nxc3 7.Qxc5 Ne4 8.Qd5 Nxg5
9.hxg5 Qb6 10.O-O-O e6 11.Qd2 Qxf2 12.Rh3 Bc5 13.Qc3 Qxg1 14.e3 b6 15.Qd2 Bxe3
16.Rxe3 Qh2 17.Qd4 O-O 18.Rh3 e5 19.Rxh2 exd4 20.Rxd4 Re8 21.Bd3 g6 22.Rdh4 Re5
23.Rxh7 Rxg5 24.Bc4  1-0

[Event "Open"]
[Site "Lenk SUI"]
[Date "2005.04.26"]
[Round "4"]
[White "Gallagher,Jo"]
[Black "Vogt,L"]
[Result "1-0"]
[WhiteElo "2535"]
[BlackElo "2483"]

1.d4 Nf6 2.Bg5 Ne4 3.Bf4 d5 4.e3 e6 5.Bd3 Bd6 6.Ne2 Nf6 7.c4 dxc4 8.Bxc4 Nc6
9.Bb5 Bd7 10.Nbc3 a6 11.Ba4 b5 12.Bc2 Bxf4 13.Nxf4 e5 14.dxe5 Nxe5 15.Qd4 Nc6
16.Qc5 Qe7 17.Ne4 Nxe4 18.Qxe7+ Nxe7 19.Bxe4 O-O-O 20.Rc1 Bf5 21.Bxf5+ Nxf5
22.Rc5 Ne7 23.Ke2 Rd7 24.Rhc1 Rhd8 25.R1c2 g6 26.Nd3 f6 27.Nf4 Re8 28.a4 bxa4
29.g4 Kb7 30.R5c4 c6 31.Ne6 Rd5 32.Nc5+ Kc7 33.Rxa4 f5 34.Nxa6+ Kd6 35.Nb4 Rb5
36.gxf5 Rxf5 37.Ra6 Rc8 38.Rd2+ Ke6 39.Nc2 Rh5 40.Nd4+ Kf6 41.Nxc6 Rxc6 42.Rxc6+ Nxc6
43.Rd6+ Ke5 44.Rxc6 Rxh2 45.b4 Rh1 46.Rb6 g5 47.Rb5+ Kf6 48.Kf3 h5 49.Rb8 Rg1
50.b5 g4+ 51.Kf4 Rg2 52.f3 Ke7 53.Rh8 Rf2 54.b6  1-0

[Event "Heroes Day Candidates"]
[Site "Bridgetown BAR"]
[Date "2005.04.29"]
[Round "4"]
[White "Mensing,F"]
[Black "Merritt,M"]
[Result "0-1"]
[WhiteElo "2152"]
[BlackElo "2152"]

1.d4 Nf6 2.Bg5 Ne4 3.Bh4 c5 4.f3 g5 5.fxe4 gxh4 6.e3 Qb6 7.Nc3 Nc6 8.Bc4 Bg7
9.Nf3 cxd4 10.Nxd4 Bxd4 11.Bxf7+ Kxf7 12.Qh5+ Kg8 13.O-O Bf6 14.Nd5 Qxb2
15.Rab1 Qe5 16.Rf5 Qe6 17.Rbf1 Qf7 18.Rg5+ Kf8 19.Qh6+ Ke8 20.Nxf6+ exf6
21.Rxf6 Qe7 22.Rg7 Qxe4 23.Rgf7 Kd8 24.Qg5 Kc7 25.Qc5 Rg8 26.Qd6+ Kb6 27.Qd2 h3
28.g3 Re8 29.Rf3 Ne5 30.Qd6+ Qc6 31.Qb4+ Kc7  0-1

[Event "SME Open"]
[Site "Ostrava CZE"]
[Date "2005.05.01"]
[Round "2"]
[White "Cempel,J"]
[Black "Rakus,P"]
[Result "1-0"]
[WhiteElo "2247"]
[BlackElo "2083"]

1.d4 Nf6 2.Bg5 Ne4 3.Bf4 d5 4.f3 Nf6 5.e3 g6 6.Bd3 Bg7 7.Ne2 O-O 8.c3 b6
9.Nd2 Bb7 10.h4 Nbd7 11.g4 Re8 12.Bh2 e5 13.g5 Nh5 14.O-O c5 15.f4 exf4 16.Nxf4 Nxf4
17.Bxf4 Nf8 18.Bb5 Re7 19.Nf3 a6 20.Be2 c4 21.Ne5 Ne6 22.Bg3 h5 23.Bxh5 gxh5
24.Qxh5 Qe8 25.Nxf7 Rxf7 26.g6 Rf6 27.Qh7+ Kf8 28.Rxf6+ Bxf6 29.Bd6+  1-0

[Event "IM"]
[Site "Ostrava CZE"]
[Date "2005.05.02"]
[Round "3"]
[White "Karhanek,P"]
[Black "Bolacky,J"]
[Result "0-1"]
[WhiteElo "2206"]
[BlackElo "2252"]

1.d4 Nf6 2.Bg5 Ne4 3.Bf4 c5 4.f3 Qa5+ 5.c3 Nf6 6.Nd2 cxd4 7.Nb3 Qb6 8.Qxd4 Nc6
9.Qxb6 axb6 10.e4 d5 11.exd5 Nxd5 12.Bd2 e5 13.Bd3 Be6 14.Bc2 Bd6 15.Ne2 Na5
16.Nxa5 bxa5 17.Ng3 O-O-O 18.Nf5 Bf8 19.O-O-O g6 20.Ng3 f5 21.Rhe1 Bg7 22.Bb3 Rhe8
23.Bg5 Rd6 24.Kb1 h6 25.Be3 Red8 26.Bc5 Rc6 27.Bf2 Nf4 28.Rxd8+ Kxd8 29.Ba4 Rd6
30.Bc5 Rd2 31.Nf1 Rxb2+ 32.Kxb2 Nd3+ 33.Ka3 Nxe1 34.Bb6+ Kc8 35.Bxa5 Nxg2
36.Nd2 g5 37.Bb6 Ne1 38.Bc5 Bd5 39.Bd1 Kd7 40.c4 Bc6 41.Be2 Nc2+ 42.Kb3 Nd4+
43.Bxd4 exd4 44.Kc2 Kd6 45.Kd3 Ke5 46.Nb3 Kf4 47.Nc5 Ke5 48.Nb3 b5 49.Nxd4 bxc4+
50.Kxc4 Bd5+ 51.Kd3 Bxa2 52.Nc6+ Kf4 53.Ne7 Bf7 54.Bd1 Bf6 55.Nc6 Bd5 56.Nb8 Bc6  0-1

[Event "23rd Liechtenstein Open"]
[Site "Triesen LIE"]
[Date "2005.05.02"]
[Round "4"]
[White "Peredy,F"]
[Black "Solleveld,Maa"]
[Result "1/2-1/2"]
[WhiteElo "2290"]
[BlackElo "2466"]

1.d4 Nf6 2.Bg5 Ne4 3.Bf4 c5 4.f3 Qa5+ 5.c3 Nf6 6.Nd2 cxd4 7.Nb3 Qb6 8.Qxd4 Nc6
9.Qxb6 axb6 10.Be3 b5 11.Nd4 Nxd4 12.Bxd4 e6 13.e4 b4 14.Bc4 d5 15.exd5  1/2-1/2

[Event "Open A"]
[Site "Djakovo CRO"]
[Date "2005.05.03"]
[Round "4"]
[White "Medancic,R"]
[Black "Ascic,P"]
[Result "1/2-1/2"]
[WhiteElo "2293"]
[BlackElo "2375"]

1.d4 Nf6 2.Bg5 Ne4 3.Bf4 d5 4.e3 e6 5.Nf3 Bd6 6.Bxd6 Qxd6 7.Nbd2 Nf6 8.Bd3 Nbd7
9.O-O e5 10.e4 O-O 11.exd5 exd4 12.Nxd4 Qxd5 13.N2f3 Nc5 14.Bc4 Qh5 15.Re1 Bg4  1/2-1/2

[Event "Open A"]
[Site "Djakovo CRO"]
[Date "2005.05.04"]
[Round "6"]
[White "Sedlak,N"]
[Black "Berescu,A"]
[Result "0-1"]
[WhiteElo "2514"]
[BlackElo "2439"]

1.d4 Nf6 2.Bg5 Ne4 3.Bf4 e6 4.e3 d5 5.Bd3 Bd6 6.Bxe4 Bxf4 7.exf4 dxe4 8.Nc3 Nc6
9.Nge2 f5 10.Qd2 Ne7 11.Nd1 b6 12.Ne3 Ba6 13.c4 c5 14.O-O-O cxd4 15.Nxd4 Qc8
16.Qb4 Kf7 17.Kb1 Rd8 18.Rd2 Rxd4 19.Rxd4 Nc6 20.Qd2 Nxd4 21.Qxd4 Qd8 22.Rd1 Qxd4
23.Rxd4 Ke7 24.Kc2 h6 25.h4 g5 26.g3 gxf4 27.gxf4 Rg8 28.b4 Bc8 29.Kc3 e5
30.fxe5 Ke6 31.c5 bxc5 32.bxc5 Kxe5 33.Rd5+ Kf4 34.Kd4 Rf8 35.c6 Kf3 36.Rd6 Kxf2
37.c7 Rf7 38.Nd5 e3 39.Nxe3 Rxc7 40.Nxf5 Bxf5 41.Rf6 Kg3 42.Rxf5 Kxh4 43.Re5 h5
44.Ke4 Kg4 45.Re6 Rg7 46.Ke3 Kg3 47.Ke2 Kg2 48.Rh6 Rg5 49.a4 a5 50.Rh8 Re5+
51.Kd3 Kf3 52.Kd4 Rg5 53.Rf8+ Kg3 54.Ke3 h4 55.Rf3+ Kg2 56.Rf2+ Kg1 57.Ra2 Rg2
58.Ra1+ Kh2 59.Kf3 Rb2 60.Ra3 Kh3 61.Ra1 Rb3+ 62.Kf4 Kg2 63.Ra2+ Kf1 64.Kg4 Rb4+
65.Kf3 Ke1 66.Ke3 Kd1 67.Kd3 Rb3+ 68.Kc4 Rg3 69.Rh2 h3 70.Kb5 Rg5+ 71.Kc4 Rh5
72.Kd3 Ke1 73.Ke3 Kf1 74.Kf3 Kg1 75.Rb2 Rg5 76.Rb1+ Kh2 77.Rb2+ Rg2 78.Rb5 Ra2
79.Rb3 Ra1 80.Kf2 Rxa4 81.Kf3 Ra2 82.Kg4 Ra4+ 83.Kf3 Ra1 84.Kg4 Rg1+ 85.Kh4 Kg2
86.Rb2+ Kf3 87.Rb3+ Ke4 88.Rxh3 Rg8 89.Ra3 Ra8 90.Kg3 Kd4 91.Kf2 Kc4 92.Ke2 Kb4
93.Ra1 a4 94.Kd2 a3 95.Kc2 Rc8+ 96.Kb1 Rh8 97.Kc2 Rh2+ 98.Kd3 a2  0-1

[Event "SME Open"]
[Site "Ostrava CZE"]
[Date "2005.05.05"]
[Round "6"]
[White "Cempel,J"]
[Black "Sekac,M"]
[Result "1-0"]
[WhiteElo "2247"]
[BlackElo "2124"]

1.d4 Nf6 2.Bg5 Ne4 3.Bf4 d5 4.f3 Nf6 5.e3 e6 6.Bd3 Nh5 7.Bg3 Nxg3 8.hxg3 Bd6
9.f4 Nd7 10.Nf3 c5 11.c3 cxd4 12.cxd4 Nf6 13.Ne5 Bd7 14.Nc3 Qa5 15.Nxd7 Nxd7
16.g4 O-O-O 17.a3 a6 18.b4 Qb6 19.Na4 Qa7 20.Nc5 g6 21.g5 Bc7 22.Rc1 Qb6
23.Qa4 Qd6 24.Kf2 Kb8 25.b5 a5 26.Rc3 Rc8 27.b6 Nxb6 28.Qxa5 Nd7 29.Qb4 Nxc5
30.dxc5 Qe7 31.Ba6 Bd8 32.Rb1 Rc7 33.Rcb3 Qxc5 34.Qxc5 Rxc5 35.Rxb7+ Ka8
36.Rxf7 Rc7 37.Rxc7 Bxc7 38.Bb7+ Ka7 39.Bc6 Bb6 40.Kf3 e5 41.Bxd5 exf4 42.exf4 Rd8
43.Be4 Rd2 44.Rb3 Ka6 45.Kg4 Rd4 46.Bd3+ Kb7 47.Bb5 Kc7 48.Rh3  1-0